[Event "South America-ch 2nd"]
[Site "Coliseo Miguel Grau"]
[Date "2024.08.02"]
[Round "7"]
[White "Salazar Flores, Yerick Alexander"]
[Black "Huallpa Fernandez, Hector Manuel"]
[Result "0-1"]
[WhiteElo "1965"]
[BlackElo "1787"]
[PlyCount "102"]
[EventDate "2024.07.29"]
[EventType "swiss"]
[EventRounds "9"]
[EventCountry "PER"]
[SourceTitle "EXT 2025"]
[Source "ChessBase"]
[SourceDate "2024.10.14"]
[SourceVersion "1"]
[SourceVersionDate "2024.10.14"]
[SourceQuality "1"]

1. f4 c5 2. Nf3 Nc6 3. e3 g6 4. d4 cxd4 5. exd4 Bg7 6. c3 Nf6 7. Bd3 0-0 8. 0-0 d6 9. h3 Qc7 10. Re1 Re8 11. Kh1 b6 12. Na3 Bb7 13. Nc4 Rad8 14. b4 Nd5 15. Bd2 Nb8 16. Qb3 Nd7 17. f5 N5f6 18. fxg6 hxg6 19. Ne3 Nf8 20. Nh4 d5 21. Rf1 Ne6 22. Be1 Ng5 23. Nf3 Nfe4 24. Nxg5 Nxg5 25. Bh4 Nh7 26. Ng4 Bc8 27. Rf3 Bxg4 28. hxg4 Nf6 29. Bg3 Qd7 30. g5 Nh5 31. Raf1 Nxg3+ 32. Rxg3 e5 33. dxe5 Bxe5 34. Rh3 Qg4 35. c4 Kg7 36. cxd5 Rh8 37. Bb5 Rxh3+ 38. gxh3 Rh8 39. Rf3 Qe4 40. Kg2 Rh5 41. Kf1 Rxg5 42. Bd7 Bd4 43. Bg4 Rxd5 44. Bc8 Qe5 45. h4 f6 46. Qc2 Rd8 47. Bg4 Re8 48. Qd1 f5 49. Bh3 Qb5+ 50. Qd3 Qxb4 51. Rf2 Qe1+ 0-1

[Event "South America-ch 2nd"]
[Site "Coliseo Miguel Grau"]
[Date "2024.07.29"]
[Round "1"]
[White "Salazar Flores, Yerick Alexander"]
[Black "Vasquez Torre, Luis Eduardo"]
[Result "1-0"]
[WhiteElo "1965"]
[BlackElo "1451"]
[PlyCount "95"]
[EventDate "2024.07.29"]
[EventType "swiss"]
[EventRounds "9"]
[EventCountry "PER"]
[SourceTitle "EXT 2025"]
[Source "ChessBase"]
[SourceDate "2024.10.14"]
[SourceVersion "1"]
[SourceVersionDate "2024.10.14"]
[SourceQuality "1"]

1. d4 d5 2. c4 e6 3. Nf3 Nf6 4. g3 Be7 5. Bg2 0-0 6. 0-0 b6 7. cxd5 exd5 8. Qc2 Bb7 9. Nc3 Nbd7 10. Bf4 c5 11. Rfd1 Rc8 12. Rac1 Ne4 13. Qb1 Ndf6 14. Bh3 Nxc3 15. bxc3 Ra8 16. Bf5 g6 17. Bc2 Ne4 18. Bxe4 dxe4 19. dxc5 Qc8 20. Ne5 Bxc5 21. Nd7 Rd8 22. Nf6+ Kh8 23. Qb2 Qh3 24. e3 Qe6 25. c4 Ba3 26. Qa1 Be7 27. Ne8+ f6 28. Nc7 Qh3 29. Nxa8 Rxa8 30. Bd6 Qe6 31. Bxe7 Qxe7 32. Qd4 Bc6 33. Qd6 Qxd6 34. Rxd6 Ba4 35. Rxf6 Kg7 36. Re6 Re8 37. Rxe8 Bxe8 38. c5 bxc5 39. Rxc5 a6 40. Rc4 Bf7 41. Ra4 g5 42. Rxa6 h5 43. a4 h4 44. Ra7 hxg3 45. hxg3 Kf6 46. Rxf7+ Kxf7 47. a5 Ke7 48. a6 1-0

[Event "Pan American-ch School U17 12th"]
[Site "Callao"]
[Date "2023.10.17"]
[Round "3"]
[White "Salazar Flores, Yerick Alexander"]
[Black "Ponciano Madueno, Luis Felipe"]
[Result "1-0"]
[WhiteElo "1717"]
[BlackElo "1410"]
[PlyCount "69"]
[EventDate "2023.10.16"]
[EventType "swiss"]
[EventRounds "9"]
[EventCountry "PER"]
[SourceTitle "CBM 217 Extra"]
[Source "ChessBase"]
[SourceDate "2024.01.31"]
[SourceVersion "1"]
[SourceVersionDate "2024.01.31"]
[SourceQuality "1"]

1. d4 Nf6 2. Nf3 e6 3. c4 b6 4. Nc3 Bb7 5. Qc2 Bb4 6. Bg5 h6 7. Bh4 g5 8. Bg3 a5 9. e3 d6 10. Nd2 Nbd7 11. f3 Qe7 12. Bd3 h5 13. h4 Rg8 14. Kf2 g4 15. Rhg1 0-0-0 16. a3 Bxc3 17. Qxc3 e5 18. d5 c5 19. b4 axb4 20. axb4 Kc7 21. Bf5 Ra8 22. Rgb1 Rxa1 23. Rxa1 Ra8 24. Rxa8 Bxa8 25. Kf1 Bxd5 26. cxd5 Nxd5 27. Qa3 cxb4 28. Qa7+ Kc6 29. Qa8+ Kc5 30. Ne4+ Kc4 31. Qc6+ Kb3 32. Qxd5+ Ka3 33. Qd3+ b3 34. Qa6+ Kb2 35. Be1 1-0

[Event "ECU Clasif2 U13"]
[Site "Chess.com INT"]
[Date "2020.12.18"]
[Round "5"]
[White "Cajamarca Gordillo, Sebastian Alejandro"]
[Black "Salazar Flores, Yerick Alexander"]
[Result "1-0"]
[WhiteElo "1224"]
[BlackElo "1192"]
[PlyCount "89"]
[EventDate "2020.12.18"]
[EventType "swiss"]
[EventRounds "9"]
[EventCountry "ECU"]
[SourceTitle "EXT 2022"]
[Source "ChessBase"]
[SourceDate "2021.10.06"]
[SourceVersion "1"]
[SourceVersionDate "2021.10.06"]
[SourceQuality "1"]

1. d4 Nf6 2. c4 d5 3. cxd5 Nxd5 4. e4 Nf6 5. e5 Nd5 6. Bc4 e6 7. Ne2 b6 8. 0-0 Bb7 9. Nbc3 Nxc3 10. Nxc3 c5 11. dxc5 Qxd1 12. Rxd1 Bxc5 13. Nb5 Na6 14. Be3 0-0 15. Bxc5 Nxc5 16. b4 Ne4 17. f3 a6 18. Na3 Nc3 19. Rd3 Na4 20. Bb3 b5 21. Rd7 Bc6 22. Rd6 Rab8 23. Rxc6 Rbc8 24. Rac1 Rb8 25. Bxa4 bxa4 26. R1c4 g5 27. Rxa6 Rfd8 28. Rxa4 Rd1+ 29. Kf2 h5 30. Rc2 Rbd8 31. b5 Rb8 32. Rb4 Rb6 33. Nc4 Rb8 34. b6 Rd7 35. Nd6 Kg7 36. b7 Rdd8 37. a4 Kf8 38. a5 Ke7 39. Rc7+ Rd7 40. Rbc4 Kd8 41. Rc8+ Ke7 42. Rxb8 Rxb7 43. Rxb7+ Kf8 44. Rxf7+ Kg8 45. Rc8# 1-0

[Event "ECU Clasif2 U13"]
[Site "Chess.com INT"]
[Date "2020.12.18"]
[Round "1"]
[White "Salazar Flores, Yerick Alexander"]
[Black "Gallegos Uscamayta, Wilson"]
[Result "1-0"]
[WhiteElo "1192"]
[BlackElo "1206"]
[PlyCount "45"]
[EventDate "2020.12.18"]
[EventType "swiss"]
[EventRounds "9"]
[EventCountry "ECU"]
[SourceTitle "EXT 2022"]
[Source "ChessBase"]
[SourceDate "2021.10.06"]
[SourceVersion "1"]
[SourceVersionDate "2021.10.06"]
[SourceQuality "1"]

1. d4 d5 2. Nf3 c5 3. Bf4 Bf5 4. e3 e6 5. a3 Nc6 6. h3 a6 7. dxc5 Bxc5 8. Bd3 Bg6 9. Bxg6 hxg6 10. Nbd2 Nge7 11. Nb3 Bd6 12. Bxd6 Qxd6 13. c4 Rd8 14. cxd5 Qxd5 15. 0-0 Ne5 16. Nxe5 Qxe5 17. Qf3 Nf5 18. Qxb7 Qxb2 19. Qc6+ Kf8 20. Rfb1 Qc2 21. Qxc2 Ke7 22. Qc7+ Rd7 23. Qc5+ 1-0